Czy rozpoznasz te loga ? cz.2 - Statystyki

Ogólne statystyki
  • Ten quiz został rozwiązany 2 570 razy
  • Średni wynik to 10 z 12
Statystyki odpowiedzi
Obrazkowy Odpowiedź % Poprawnych
Instagram
99%
TVN
99%
Audi
97%
KFC
97%
Media Markt
97%
TVP
96%
Skoda
94%
Auchan
92%
Carrefour
84%
Suzuki
79%
Unicef
55%
Linkedin
29%
Nie znaleziono quizów pasujących do podanych kryteriów
Rozkład punktacji
Procent ludzi z każdym wynikiem
Percentyl według liczby udzielonych odpowiedzi
Twoja historia wyników
Nie rozwiązałeś tego quizu